000 01053cam a2200313 i 4500
999 _c200446190
_d64402
003 TR-AnTOB
005 20220111145315.0
007 ta
008 171120s2004 tu a g 00100 tur D
020 _a9759867400
040 _aTR-AnTOB
_beng
_erda
_cTR-AnTOB
041 0 _atur
050 1 4 _aHE9868.25.A4
_bÖ946 2004
090 _aHE9868.25.A4
_bÖ946 2004
100 1 _aÖzen, Ülkü
_eauthor
_9135021
245 1 2 _a45 yıllık öykü Çelebi hava servisi /
_cÜlkü Özen ; İngilizce çeviri: İdil Eser ; yayıma hazırlayan: Duygu Türk.
250 _a1. basım Aralık 2004
264 1 _aİstanbul :
_bTürkiye Ekonomik ve Toplumsal Tarih Vakfı,
_c2004.
300 _a349 pages :
_billustrations ;
_c29 cm
336 _2rdacontent
_atext
_btxt
337 _2rdamedia
_aunmediated
_bn
338 _2rdacarrier
_avolume
_bnc
500 _aIncludes index.
650 0 _aHavaalanları
_zTürkiye
_994334
700 1 _aEser, İdil
_etranslator
_988889
700 1 _aTürk, Duygu
_eeditor
_9135024
942 _2lcc
_cBK